|
|
|
|
| LEADER |
01448nam a2200349 i 4500 |
| 001 |
34415 |
| 003 |
BD-DhAAL |
| 005 |
20211118104855.0 |
| 008 |
190327t2018 nyua 001 0 eng |
| 999 |
|
|
|c 40555
|d 40555
|
| 010 |
|
|
|a 2017024889
|
| 020 |
|
|
|a 9781138909915 (hardcover)
|
| 020 |
|
|
|a 9781138909922 (pbk.)
|
| 020 |
|
|
|a 9781315693705 (ebk)
|
| 040 |
|
|
|a DLC
|b eng
|c DLC
|e rda
|d DLC
|d BD-DhAAL
|
| 042 |
|
|
|a pcc
|
| 050 |
0 |
0 |
|a NA687
|b .G65 2018
|
| 082 |
0 |
0 |
|a 724.7
|2 23
|
| 100 |
1 |
|
|a Golden, Elizabeth
|c (Architect),
|e author.
|9 30626
|
| 245 |
1 |
0 |
|a Building from tradition :
|b local materials and methods in contemporary architecture /
|c Elizabeth M. Golden.
|
| 260 |
|
|
|a Milton Park, Abingdon, Oxon ;
|a New York, NY :
|b Routledge, Taylor & Francis Group,
|c c2018
|
| 300 |
|
|
|a xi, 229 pages :
|b colored illustrations ;
|c 24 cm.
|
| 500 |
|
|
|a Includes index
|
| 526 |
|
|
|a ARC
|
| 541 |
|
|
|a Parama Publishers
|e 34415
|
| 650 |
|
0 |
|a Architecture, Modern
|y 21st century
|x Themes, motives.
|9 30627
|
| 650 |
|
0 |
|a Vernacular architecture
|x Influence.
|9 30628
|
| 650 |
|
0 |
|a Local building materials.
|9 30629
|
| 650 |
|
0 |
|a Architecture
|9 42771
|
| 852 |
|
|
|a Ayesha Abed Library
|c General Stacks
|
| 942 |
|
|
|2 ddc
|c BK
|
| 952 |
|
|
|0 0
|1 0
|2 ddc
|4 0
|6 724_700000000000000_GOL
|7 0
|9 65173
|a BRACUL
|b BRACUL
|c GEN
|d 2019-02-26
|e Parama Publishers
|g 2626.29
|l 4
|m 49
|o 724.7 GOL
|p 3010034415
|r 2026-03-31
|s 2026-03-02
|t 1
|v 2626.29
|w 2019-02-26
|y BK
|x Transferred from ARC to BRACUL on 28/12/2023
|